UM Logo

The simplified research and technical report writing/ (Record no. 1785)

MARC details
000 -LEADER
fixed length control field 00622nam a22001817a 4500
008 - FIXED-LENGTH DATA ELEMENTS--GENERAL INFORMATION
fixed length control field 160415b xxu||||| |||| 00| 0 eng d
020 ## - INTERNATIONAL STANDARD BOOK NUMBER
International Standard Book Number 978-9-71038842-4 (pbk)
082 ## - DEWEY DECIMAL CLASSIFICATION NUMBER
Edition number 2007
Classification number DFil 808.066
Item number M52s
100 ## - MAIN ENTRY--PERSONAL NAME
9 (RLIN) 5661
Personal name Menoy, Jesus Z.
245 ## - TITLE STATEMENT
Title The simplified research and technical report writing/
Statement of responsibility, etc. Jesus Z. Menoy.
260 ## - PUBLICATION, DISTRIBUTION, ETC. (IMPRINT)
Place of publication, distribution, etc. Mandaluyong City :
Name of publisher, distributor, etc. Books Atbp. Pub. Corp.,
Date of publication, distribution, etc. c2007.
300 ## - PHYSICAL DESCRIPTION
Extent ix, 290 pages ;
Dimensions 22 cm.
500 ## - GENERAL NOTE
General note Includes bibliographical references.
650 #0 - SUBJECT ADDED ENTRY--TOPICAL TERM
9 (RLIN) 5662
Topical term or geographic name as entry element Technical writing.
650 #0 - SUBJECT ADDED ENTRY--TOPICAL TERM
9 (RLIN) 5663
Topical term or geographic name as entry element Report writing.
650 #0 - SUBJECT ADDED ENTRY--TOPICAL TERM
9 (RLIN) 5664
Topical term or geographic name as entry element Research writing.
942 ## - ADDED ENTRY ELEMENTS (KOHA)
Source of classification or shelving scheme Dewey Decimal Classification
Koha item type Filipiniana
Holdings
Withdrawn status Lost status Source of classification or shelving scheme Damaged status Not for loan Collection code Home library Current library Date acquired Source of acquisition Total Checkouts Full call number Barcode Date last seen Cost, replacement price Price effective from Koha item type
    Dewey Decimal Classification     Filipiniana UM Digos College - LIC UM Digos College - LIC 09/01/2007 Purchased   DFil 808.066 M52s 2007 19151 06/08/2021 395.00 04/15/2016 Filipiniana